Govt. of
Madhya Pradesh

SSC CHSL 2024 TCS Pyqs Tier-I & Tier II साल्वड पेपर्स (Record no. 68193)

MARC details
000 -LEADER
fixed length control field 00284nam a22001097a 4500
082 ## - DEWEY DECIMAL CLASSIFICATION NUMBER
Classification number 001
100 ## - MAIN ENTRY--AUTHOR NAME
Personal name Kiran Institute
245 ## - TITLE STATEMENT
Title SSC CHSL 2024 TCS Pyqs Tier-I & Tier II साल्वड पेपर्स
260 ## - PUBLICATION, DISTRIBUTION, ETC. (IMPRINT)
Name of publisher Kiran Pubication
Year of publication 2025
650 ## - SUBJECT ADDED ENTRY--TOPICAL TERM
Topical Term GK
942 ## - ADDED ENTRY ELEMENTS (KOHA)
Koha item type Competitive Books
Holdings
Withdrawn status Lost status Damaged status Not for loan Home library Current library Date acquired Cost, normal purchase price Full call number Accession Number Price effective from Koha item type
        MACL MACL 26/09/2025 475.00 001 DPI003824 26/09/2025 Competitive Books
        MACL MACL 26/09/2025 475.00 001 DPI003825 26/09/2025 Competitive Books